Movies Quiz

Random Movies or Numbers Quiz

Movie Scenes (Pictures) Quiz Stats

 Plays Quiz not verified by Sporcle

Challenge
Share
Tweet
Score 0/15 Timer 06:00
0 Plays Today
Number Movie % Correct
1Knocked Up
94%
3School of Rock
91.2%
14Zoolander
73.9%
6Catch Me If You Can
59.6%
7The Chronicles of Narnia The Lion the Witch and The Wardrobe
55.8%
5My Cousin Vinny
54.1%
2National Treasure
50.5%
10Seven Pounds
49.9%
Number Movie % Correct
13Me Myself and Irene
43%
15My Dog Skip
41.6%
8Crash
29.3%
4Airheads
24.6%
9Cinderella Man
11.5%
12Slackers
9.9%
11Man on Fire
6.2%

You're not logged in!

Compare scores with friends on all Sporcle quizzes.
Join for Free
OR
Log In

You Might Also Like...

Show Comments

Extras

Top Quizzes Today


Score Distribution

Your Account Isn't Verified!

In order to create a playlist on Sporcle, you need to verify the email address you used during registration. Go to your Sporcle Settings to finish the process.

Report this User

Report this user for behavior that violates our Community Guidelines.

Details: